|
|
|
|
| LEADER |
01798nam a2200445 i 4500 |
| 001 |
EBC4721401 |
| 003 |
MiAaPQ |
| 005 |
20200520144314.0 |
| 006 |
m o d | |
| 007 |
cr cnu|||||||| |
| 008 |
161104t20172017njua o 001 0 eng d |
| 020 |
|
|
|z 9781119301080
|
| 020 |
|
|
|a 9781119301097
|q (electronic bk.)
|
| 035 |
|
|
|a (MiAaPQ)EBC4721401
|
| 035 |
|
|
|a (Au-PeEL)EBL4721401
|
| 035 |
|
|
|a (CaPaEBR)ebr11285658
|
| 035 |
|
|
|a (CaONFJC)MIL965359
|
| 035 |
|
|
|a (OCoLC)961451006
|
| 040 |
|
|
|a MiAaPQ
|b eng
|e rda
|e pn
|c MiAaPQ
|d MiAaPQ
|
| 050 |
|
4 |
|a HF5439.C67
|b .B873 2017
|
| 082 |
0 |
|
|a 001.64250688
|2 23
|
| 100 |
1 |
|
|a Burd, Barry,
|e author.
|
| 245 |
1 |
0 |
|a Java programming for android developers /
|c by Barry Burd.
|
| 250 |
|
|
|a Second edition.
|
| 264 |
|
1 |
|a Hoboken, New Jersey :
|b For Dummies,
|c 2017.
|
| 264 |
|
4 |
|c 2017
|
| 300 |
|
|
|a 1 online resource (459 pages) :
|b illustrations (some color)
|
| 336 |
|
|
|a text
|2 rdacontent
|
| 337 |
|
|
|a computer
|2 rdamedia
|
| 338 |
|
|
|a online resource
|2 rdacarrier
|
| 500 |
|
|
|a Includes index.
|
| 588 |
|
|
|a Description based on online resource; title from PDF title page (ebrary, viewed November 4, 2016).
|
| 590 |
|
|
|a Electronic reproduction. Ann Arbor, MI : ProQuest, 2016. Available via World Wide Web. Access may be limited to ProQuest affiliated libraries.
|
| 650 |
|
0 |
|a Android (Electronic resource)
|
| 650 |
|
0 |
|a Application software
|x Development.
|
| 650 |
|
0 |
|a Java (Computer program language)
|
| 655 |
|
4 |
|a Electronic books.
|
| 776 |
0 |
8 |
|i Print version:
|a Burd, Barry.
|t Java programming for android developers.
|b Second edition.
|d Hoboken, New Jersey : For Dummies, c2017
|h 437 pages
|z 9781119301080
|
| 797 |
2 |
|
|a ProQuest (Firm)
|
| 856 |
4 |
0 |
|u https://ebookcentral.proquest.com/lib/matrademy/detail.action?docID=4721401
|z Click to View
|